Countries with the Lowest Incarceration Rate - Statistics

General Stats
  • This quiz has been taken 39 times
  • The average score is 7 of 20
Answer Stats
Rate Country % Correct
29 Iceland
84%
37 Japan
84%
31 Liechtenstein
71%
34 Monaco
66%
35 India
42%
45 Oman
37%
37 Burkina Faso
29%
29 Democratic Republic of the Congo
29%
37 Pakistan
29%
27 Republic of the Congo
29%
34 Mali
26%
39 Niger
26%
32 Nigeria
26%
35 Yemen
26%
37 Comoros
21%
16 Central African Republic
18%
23 Gambia
18%
42 Ghana
18%
30 Guinea
18%
31 Guinea Bissau
18%
No matching quizzes found
Score Distribution
Percent of People with Each Score
Percentile by Number Answered
Your Score History
You have not taken this quiz